000 00533nam a2200229Ia 4500
005 20260320202033.0
008 008 262003s9999 xx 000 0 eng d
037 _aEBOOK
040 _aCRL
040 _beng
040 _cCRL
041 _2eng
041 _aeng
084 _qCRL
100 _aMatthews
245 0 _aIdiomatic Rust: Code like a Rustacean
260 _bIEEE
856 _uhttps://ieeexplore.ieee.org/servlet/opac?bknumber=10745324
942 _cEBOOK
999 _c1724952
_d1724952